[Event "Turning Torso Chess Event 2021"]
[Site "Malmoe"]
[Date "2021.08.22"]
[Round "11.2"]
[White "Hector, Jonny"]
[Black "Pantzar, Milton"]
[Result "1-0"]
[WhiteElo "2465"]
[BlackElo "2424"]
[Annotator "RC"]
[PlyCount "101"]
[EventDate "2021.08.20"]
[EventType "tourn"]
[EventCountry "SWE"]
[SourceTitle "playchess.com"]
[Source "ChessBase"]
[SourceQuality "1"]
[TimeControl "900+5"]

1. e4 {[%emt 0:00:04]} c6 {[%emt 0:00:02]} 2. Nc3 {[%emt 0:00:03]} d5 {[%emt 0:
00:02]} 3. Nf3 {[%emt 0:00:03]} dxe4 {[%emt 0:00:04]} 4. Nxe4 {[%emt 0:00:03]}
Nf6 {[%emt 0:00:03]} 5. Qe2 {[%emt 0:00:03]} Bg4 {[%emt 0:00:15]} 6. h3 {
[%emt 0:00:08]} Bh5 {[%emt 0:00:22]} 7. Nxf6+ {[%emt 0:00:04]} gxf6 {[%emt 0:
00:03]} 8. g4 {[%emt 0:00:18]} Bg6 {[%emt 0:00:03]} 9. d3 {[%emt 0:00:03]} Nd7
{[%emt 0:00:10]} 10. Bd2 {[%emt 0:00:11]} Nb6 {[%emt 0:00:19]} 11. Bg2 {
[%emt 0:00:24]} e6 {[%emt 0:00:53]} 12. O-O-O {[%emt 0:00:23]} Qd5 {[%emt 0:00:
23]} 13. Kb1 {[%emt 0:00:55]} O-O-O {[%emt 0:01:42]} 14. Nh4 {[%emt 0:00:19]}
Qb5 {[%emt 0:00:20]} 15. Nxg6 {[%emt 0:00:17]} hxg6 {[%emt 0:00:25]} 16. c4 {
[%emt 0:00:36]} Qa4 {[%emt 0:02:45]} 17. Bc3 {[%emt 0:00:20]} e5 {[%emt 0:01:
33]} 18. b3 {[%emt 0:00:18]} Qa3 {[%emt 0:00:36]} 19. d4 {[%emt 0:00:03]} Na4 {
[%emt 0:05:04]} 20. Ba1 {[%emt 0:00:19]} Qb4 {[%emt 0:00:13]} 21. dxe5 {
[%emt 0:01:33]} Bc5 {[%emt 0:00:14]} 22. e6 {[%emt 0:01:28]} Nc3+ {[%emt 0:00:
14]} 23. Bxc3 {[%emt 0:00:02]} Qxc3 {[%emt 0:00:01]} 24. exf7 {[%emt 0:00:29]}
Bd4 {[%emt 0:00:28]} 25. Rxd4 {[%emt 0:00:17]} Qxd4 {[%emt 0:00:10]} 26. Be4 {
[%emt 0:01:36]} f5 {[%emt 0:00:09]} 27. gxf5 {[%emt 0:00:06]} g5 {[%emt 0:00:
02]} 28. Qe3 {[%emt 0:00:56]} a6 {[%emt 0:00:34]} 29. Bc2 {[%emt 0:00:17]} Qxe3
{[%emt 0:00:11]} 30. fxe3 {[%emt 0:00:01]} Rdf8 {[%emt 0:00:02]} 31. Rg1 {
[%emt 0:00:06]} Rxh3 {[%emt 0:00:04]} 32. e4 {[%emt 0:00:02]} Re3 {[%emt 0:00:
05]} 33. Rxg5 {[%emt 0:00:22]} Rxf7 {[%emt 0:00:02]} 34. Rg2 {[%emt 0:00:24]}
Kc7 {[%emt 0:00:06]} 35. Kc1 {[%emt 0:00:04]} Kd6 {[%emt 0:00:05]} 36. Kd2 {
[%emt 0:00:42]} Rh3 {[%emt 0:00:02]} 37. Rg6+ {[%emt 0:01:30]} Ke5 {[%emt 0:00:
01]} 38. Re6+ {[%emt 0:00:02]} Kd4 {[%emt 0:00:14]} 39. Rd6+ {[%emt 0:00:02]}
Ke5 {[%emt 0:00:01]} 40. Rd8 {[%emt 0:00:02]} Rg7 {[%emt 0:00:09]} 41. Bd3 {
[%emt 0:00:07]} Rgg3 {[%emt 0:00:11]} 42. c5 {[%emt 0:00:22]} Rg2+ {[%emt 0:00:
06]} 43. Kc3 {[%emt 0:00:01]} Rxa2 {[%emt 0:00:02]} 44. Re8+ {[%emt 0:00:03]}
Kf6 {[%emt 0:00:02]} 45. e5+ {[%emt 0:00:04]} Kg5 {[%emt 0:00:08]} 46. f6 {
[%emt 0:00:32]} Rf2 {[%emt 0:00:04]} 47. Rg8+ {[%emt 0:00:02]} Kh5 {[%emt 0:00:
08]} 48. Rh8+ {[%emt 0:00:42]} Kg4 {[%emt 0:00:01]} 49. Rxh3 {[%emt 0:00:02]}
Kxh3 {[%emt 0:00:01]} 50. Bc4 {[%emt 0:00:01]} Rf3+ {[%emt 0:00:05]} 51. Kb4 {
[%emt 0:00:02]} 1-0

[Event "Turning Torso Chess Event 2021"]
[Site "Malmoe"]
[Date "2021.08.22"]
[Round "14.3"]
[White "Hellers, Ferdinand"]
[Black "Grandelius, Nils"]
[Result "0-1"]
[WhiteElo "2592"]
[BlackElo "2666"]
[Annotator "TA"]
[PlyCount "60"]
[EventDate "2021.08.20"]
[EventType "tourn"]
[EventCountry "SWE"]
[SourceTitle "playchess.com"]
[Source "ChessBase"]
[SourceQuality "1"]

{[%evp 16,60,8,0,22,16,22,14,29,29,42,29,52,12,27,7,30,12,41,13,32,10,9,12,12,
0,0,0,0,0,15,10,29,0,0,0,0,0,0,0,0,0,0,-43,-36,-291,-281]} 1. Nf3 d5 2. d4 e6
3. g3 b6 4. Bg2 Bb7 5. O-O Nd7 6. Nbd2 Ngf6 7. c4 Bd6 8. b3 O-O 9. Bb2 Qe7 {
D02: 1 d4 d5 2 Nf3 sidelines, including 2...Nf6 3 g3 and 2...Nf6 3 Bf4.} 10.
Ne5 Rfd8 11. Rc1 c5 {The position is equal.} 12. cxd5 exd5 {[%cal Rd7e5]} 13.
Nxd7 Rxd7 {[#]} 14. e3 $146 ({Predecessor:} 14. Re1 Re8 15. dxc5 Bxc5 16. e3
Ne4 17. Qe2 Bb4 18. Bxe4 dxe4 19. Red1 Red8 20. Nb1 {0-1 (33) Fudalej,M (2211)
-Puczylowski,M (2101) Jastrzebia Gora 2016}) 14... Re8 15. Re1 Rdd8 16. Qc2 h6
17. Qf5 Ne4 {[#] White must now prevent ...Bc8.} 18. Nxe4 (18. dxc5 {looks
sharper.} Bxc5 19. Nf3 Rc8 20. Qg4 g6 21. Ne5) 18... dxe4 19. dxc5 Bxc5 20. Qg4
{[%csl Gb2][%cal Rg4g7]} Qg5 21. Qxg5 hxg5 22. Red1 f5 23. Bf1 f4 (23... Rxd1 {
is more complex.} 24. Rxd1 Bc8 25. Bc4+ Kh7 26. Bc3 Kg6) 24. b4 ({But not} 24.
exf4 e3 $15) (24. Rxd8 {with more complications.} Rxd8 25. b4 Bxb4 26. Rc7 Bd5
27. Rxg7+ Kf8 28. Rxa7 fxe3 29. fxe3 Bc5 30. Bc1) 24... Rxd1 25. Rxd1 Bxb4 26.
gxf4 gxf4 27. exf4 Bc6 28. Be5 Bc5 29. Re1 Rd8 30. Bg2 $2 {[%mdl 8192] [#]} (
30. Bc4+ $15 Kh7 31. Kf1) 30... Rd2 $1 {[%csl LRa2,LRf2][%mdl 64] Double
Attack.  Weighted Error Value: White=0.32/Black=0.11} 0-1

[Event "Turning Torso Chess Event 2021"]
[Site "Malmoe"]
[Date "2021.08.22"]
[Round "11.3"]
[White "Agrest, Evgenij"]
[Black "Brynell, Stellan"]
[Result "1-0"]
[WhiteElo "2568"]
[BlackElo "2422"]
[Annotator "TA"]
[PlyCount "55"]
[EventDate "2021.08.20"]
[EventType "tourn"]
[EventCountry "SWE"]
[SourceTitle "playchess.com"]
[Source "ChessBase"]
[SourceQuality "1"]

{[%evp 9,55,29,32,12,23,16,17,17,35,27,50,30,45,0,16,7,9,8,27,19,31,0,0,-25,
-29,-65,0,-58,-68,-45,-51,-52,-52,-110,-56,-47,147,137,208,119,170,146,145,125,
127,69,29980,29981]} 1. Nf3 d5 2. e3 g6 3. c4 c6 4. b4 Bg7 5. d4 Nf6 6. Be2 {
A06: Réti Opening: 1 Nf3 d5.} O-O 7. O-O Bg4 8. Nbd2 {The position is equal.}
Nbd7 9. Bb2 a5 10. b5 cxb5 11. cxb5 a4 12. Ba3 Re8 13. Rc1 {[#]} Bf5 $146 ({
Predecessor:} 13... Bxf3 14. Nxf3 Bf8 15. Qc2 Qb8 16. Qb2 e6 17. Rc2 Rc8 18.
Rxc8 Qxc8 19. Rc1 Qd8 20. Bxf8 Kxf8 {1-0 (46) Abdulla,A (2455)-Golizadeh,A
(2471) Dhaka 2019}) 14. Nh4 Be6 15. f4 Nb6 16. f5 Bd7 17. g4 Ne4 (17... g5 $15
18. Ng2 Nc8) 18. Ng2 (18. Nxe4 $11 dxe4 19. Ng2) 18... Nxd2 $15 19. Qxd2 Nc4
20. Bxc4 dxc4 21. Rb1 (21. Qb4 $15) 21... e6 (21... Rc8 $17 22. Qc3 e6 23. fxg6
fxg6) 22. f6 Bh6 (22... Bxf6 $15 {keeps the upper hand.} 23. Qf2 Bg7 24. Qxf7+
Kh8) 23. Qf2 $1 $16 g5 (23... e5 $16) 24. Qf3 ({Better is} 24. Qg3 $1 $18 {
[%cal Rg3h3] aiming for Qh3.} Bf8 25. Bxf8 Rxf8 26. h4) 24... Bf8 (24... Kh8
$16) 25. Bxf8 $18 Rxf8 26. Qh3 ({But not} 26. Qxb7 $6 Rb8 $14) 26... Kh8 {[#]}
27. Qh5 (27. Ne1 $1 $16 {[%cal Re1f3]}) 27... Qe8 $2 {[%mdl 8192] [#]} (27...
Be8 $14) 28. Rf3 $1 {Weighted Error Value: White=0.22/Black=0.51} 1-0

[Event "Turning Torso Chess Event 2021"]
[Site "Malmoe"]
[Date "2021.08.22"]
[Round "14.4"]
[White "Brynell, Stellan"]
[Black "Smith, Axel"]
[Result "0-1"]
[WhiteElo "2422"]
[BlackElo "2451"]
[Annotator "RC"]
[PlyCount "180"]
[EventDate "2021.08.20"]
[EventType "tourn"]
[EventCountry "SWE"]
[SourceTitle "playchess.com"]
[Source "ChessBase"]
[SourceQuality "1"]
[TimeControl "900+5"]

1. d4 {[%emt 0:00:02]} Nf6 {[%emt 0:00:07]} 2. Nf3 {[%emt 0:00:04]} d5 {
[%emt 0:00:20]} 3. c4 {[%emt 0:00:36]} c6 {[%emt 0:00:02]} 4. cxd5 {[%emt 0:00:
04]} cxd5 {[%emt 0:00:02]} 5. Nc3 {[%emt 0:00:01]} Nc6 {[%emt 0:00:37]} 6. Bf4
{[%emt 0:00:02]} Nh5 {[%emt 0:00:06]} 7. Bd2 {[%emt 0:00:09]} e6 {[%emt 0:00:
21]} 8. Bg5 {[%emt 0:01:26]} Qb6 {[%emt 0:00:43]} 9. Qd2 {[%emt 0:00:07]} h6 {
[%emt 0:00:12]} 10. Bh4 {[%emt 0:00:04]} g5 {[%emt 0:00:46]} 11. g4 {[%emt 0:
02:09]} Nf6 {[%emt 0:00:22]} 12. Bg3 {[%emt 0:00:02]} Ne4 {[%emt 0:01:21]} 13.
Qc2 {[%emt 0:00:06]} Nxd4 {[%emt 0:04:03]} 14. Nxd4 {[%emt 0:00:23]} Nxg3 {
[%emt 0:00:51]} 15. hxg3 {[%emt 0:00:10]} Qxd4 {[%emt 0:00:01]} 16. e3 {
[%emt 0:00:15]} Qb4 {[%emt 0:00:11]} 17. a3 {[%emt 0:00:58]} Qa5 {[%emt 0:00:
22]} 18. Bb5+ {[%emt 0:00:57]} Bd7 {[%emt 0:00:02]} 19. Bxd7+ {[%emt 0:00:02]}
Kxd7 {[%emt 0:00:00]} 20. O-O {[%emt 0:00:05]} Bg7 {[%emt 0:00:40]} 21. Rfd1 {
[%emt 0:02:31]} Rac8 {[%emt 0:00:15]} 22. Qb3 {[%emt 0:00:07]} Bxc3 {[%emt 0:
00:13]} 23. bxc3 {[%emt 0:00:06]} Qxc3 {[%emt 0:00:41]} 24. Qxb7+ {[%emt 0:00:
10]} Rc7 {[%emt 0:00:05]} 25. Qb5+ {[%emt 0:00:10]} Ke7 {[%emt 0:00:21]} 26. a4
{[%emt 0:01:40]} Rhc8 {[%emt 0:00:07]} 27. Rab1 {[%emt 0:00:39]} Qc4 {[%emt 0:
00:04]} 28. Qb2 {[%emt 0:00:05]} Qxa4 {[%emt 0:00:53]} 29. Qg7 {[%emt 0:00:01]}
Qxg4 {[%emt 0:00:05]} 30. Qxh6 {[%emt 0:00:02]} Qf5 {[%emt 0:00:11]} 31. Qg7 {
[%emt 0:00:28]} Qf6 {[%emt 0:00:06]} 32. Qxf6+ {[%emt 0:01:08]} Kxf6 {[%emt 0:
00:01]} 33. Ra1 {[%emt 0:00:11]} g4 {[%emt 0:00:49]} 34. Kg2 {[%emt 0:00:12]}
Ke5 {[%emt 0:00:12]} 35. Ra6 {[%emt 0:00:37]} Rb8 {[%emt 0:00:19]} 36. Ra2 {
[%emt 0:00:50]} Rb6 {[%emt 0:00:15]} 37. Rd4 {[%emt 0:00:02]} f5 {[%emt 0:00:
05]} 38. Rd1 {[%emt 0:00:04]} a6 {[%emt 0:00:09]} 39. Rda1 {[%emt 0:00:03]}
Rcc6 {[%emt 0:00:05]} 40. Rd1 {[%emt 0:00:03]} Rd6 {[%emt 0:00:10]} 41. f3 {
[%emt 0:00:27]} gxf3+ {[%emt 0:00:06]} 42. Kxf3 {[%emt 0:00:01]} Rdc6 {[%emt 0:
00:11]} 43. Rd3 {[%emt 0:00:10]} Kd6 {[%emt 0:00:15]} 44. Rda3 {[%emt 0:00:08]}
Ke7 {[%emt 0:00:09]} 45. g4 {[%emt 0:00:07]} fxg4+ {[%emt 0:00:05]} 46. Kxg4 {
[%emt 0:00:01]} Kd6 {[%emt 0:00:07]} 47. Kf3 {[%emt 0:00:05]} Ke5 {[%emt 0:00:
02]} 48. Ke2 {[%emt 0:00:09]} Rd6 {[%emt 0:00:13]} 49. Ra5 {[%emt 0:00:10]} Kf5
{[%emt 0:00:13]} 50. R2a4 {[%emt 0:00:34]} Rb2+ {[%emt 0:00:10]} 51. Kf3 {
[%emt 0:00:06]} Rb3 {[%emt 0:00:37]} 52. Ke2 {[%emt 0:00:12]} Rbb6 {[%emt 0:00:
13]} 53. Kf3 {[%emt 0:00:05]} Ke5 {[%emt 0:00:04]} 54. Re4+ {[%emt 0:00:04]}
Kf6 {[%emt 0:00:00]} 55. Rea4 {[%emt 0:00:03]} Rdc6 {[%emt 0:00:01]} 56. Ra3 {
[%emt 0:00:09]} Ke5 {[%emt 0:00:01]} 57. R3a4 {[%emt 0:00:02]} Rc3 {[%emt 0:00:
17]} 58. Ra2 {[%emt 0:00:10]} Rbb3 {[%emt 0:00:17]} 59. Re2 {[%emt 0:00:01]}
Kf5 {[%emt 0:00:08]} 60. Kf2 {[%emt 0:00:11]} Ra3 {[%emt 0:00:04]} 61. Ra2 {
[%emt 0:00:06]} Rxa5 {[%emt 0:00:08]} 62. Rxa5 {[%emt 0:00:01]} Rc6 {[%emt 0:
00:02]} 63. Kf3 {[%emt 0:00:02]} Ke5 {[%emt 0:00:00]} 64. Ke2 {[%emt 0:00:04]}
Kd6 {[%emt 0:00:03]} 65. Kd3 {[%emt 0:00:02]} Kc7 {[%emt 0:00:06]} 66. Ra1 {
[%emt 0:00:06]} Kb6 {[%emt 0:00:05]} 67. Rb1+ {[%emt 0:00:01]} Ka7 {[%emt 0:00:
03]} 68. Ra1 {[%emt 0:00:04]} Rc4 {[%emt 0:00:03]} 69. Ra2 {[%emt 0:00:05]} Kb6
{[%emt 0:00:02]} 70. Rb2+ {[%emt 0:00:04]} Kc6 {[%emt 0:00:01]} 71. Ra2 {
[%emt 0:00:01]} Kb5 {[%emt 0:00:01]} 72. Rh2 {[%emt 0:00:18]} a5 {[%emt 0:00:
03]} 73. Rh6 {[%emt 0:00:02]} Re4 {[%emt 0:00:02]} 74. Rh8 {[%emt 0:00:01]} a4
{[%emt 0:00:04]} 75. Ra8 {[%emt 0:00:03]} Kb4 {[%emt 0:00:03]} 76. Rb8+ {
[%emt 0:00:01]} Ka3 {[%emt 0:00:17]} 77. Rb6 {[%emt 0:00:01]} Ka2 {[%emt 0:00:
03]} 78. Rb8 {[%emt 0:00:07]} a3 {[%emt 0:00:02]} 79. Rb6 {[%emt 0:00:02]} Ka1
{[%emt 0:00:02]} 80. Rb8 {[%emt 0:00:02]} a2 {[%emt 0:00:03]} 81. Rb6 {[%emt 0:
00:02]} Ra4 {[%emt 0:00:12]} 82. Kc2 {[%emt 0:00:07]} Rc4+ {[%emt 0:00:08]} 83.
Kd2 {[%emt 0:00:04]} e5 {[%emt 0:00:07]} 84. Rb5 {[%emt 0:00:02]} d4 {[%emt 0:
00:15]} 85. e4 {[%emt 0:00:27]} Rc3 {[%emt 0:00:07]} 86. Rb8 {[%emt 0:00:28]}
Re3 {[%emt 0:00:08]} 87. Kc2 {[%emt 0:00:01]} Rxe4 {[%emt 0:00:11]} 88. Rh8 {
[%emt 0:00:01]} Re2+ {[%emt 0:00:02]} 89. Kc1 {[%emt 0:00:02]} Rb2 {[%emt 0:00:
18]} 90. Re8 {[%emt 0:00:09]} d3 {[%emt 0:00:10]} 0-1

[Event "Turning Torso Chess Event 2021"]
[Site "Malmoe"]
[Date "2021.08.22"]
[Round "17.5"]
[White "Smith, Axel"]
[Black "Hector, Jonny"]
[Result "0-1"]
[WhiteElo "2451"]
[BlackElo "2465"]
[Annotator "ChessBase"]
[PlyCount "184"]
[EventDate "2021.08.20"]
[EventType "tourn"]
[EventCountry "SWE"]
[SourceTitle "playchess.com"]
[Source "ChessBase"]
[SourceQuality "1"]
[TimeControl "900+5"]

1. e4 {[%emt 0:00:01]} e5 {[%emt 0:00:02]} 2. Nf3 {[%emt 0:00:02]} Nc6 {
[%emt 0:00:02]} 3. Bc4 {[%emt 0:00:01]} Nf6 {[%emt 0:00:02]} 4. Ng5 {[%emt 0:
00:01]} d5 {[%emt 0:00:05]} 5. exd5 {[%emt 0:00:02]} Na5 {[%emt 0:00:03]} 6.
Bb5+ {[%emt 0:00:01]} c6 {[%emt 0:00:03]} 7. dxc6 {[%emt 0:00:01]} bxc6 {
[%emt 0:00:01]} 8. Bd3 {[%emt 0:00:01]} Nd5 {[%emt 0:00:26]} 9. Nf3 {[%emt 0:
00:17]} Bd6 {[%emt 0:00:03]} 10. O-O {[%emt 0:00:11]} Nf4 {[%emt 0:00:03]} 11.
Re1 {[%emt 0:00:06]} Nxd3 {[%emt 0:00:39]} 12. cxd3 {[%emt 0:00:01]} O-O {
[%emt 0:00:11]} 13. Nxe5 {[%emt 0:00:11]} Bc7 {[%emt 0:00:55]} 14. Nc3 {
[%emt 0:02:44]} c5 {[%emt 0:00:34]} 15. b3 {[%emt 0:00:52]} Bb7 {[%emt 0:00:54]
} 16. Bb2 {[%emt 0:01:11]} Re8 {[%emt 0:01:01]} 17. Nf3 {[%emt 0:03:50]} Qxd3 {
[%emt 0:01:29]} 18. Re3 {[%emt 0:00:42]} Qd7 {[%emt 0:00:39]} 19. Qe2 {[%emt 0:
00:58]} Bf4 {[%emt 0:00:11]} 20. Re1 {[%emt 0:01:49]} Bxe3 {[%emt 0:00:13]} 21.
dxe3 {[%emt 0:00:01]} Qc6 {[%emt 0:00:26]} 22. e4 {[%emt 0:00:23]} Qg6 {
[%emt 0:01:17]} 23. Nh4 {[%emt 0:00:18]} Qg5 {[%emt 0:01:42]} 24. Nf3 {[%emt 0:
00:01]} Qe7 {[%emt 0:00:19]} 25. Qe3 {[%emt 0:00:10]} c4 {[%emt 0:00:22]} 26.
Qd4 {[%emt 0:00:22]} Rad8 {[%emt 0:01:12]} 27. Nd5 {[%emt 0:00:09]} Qf8 {
[%emt 0:00:02]} 28. bxc4 {[%emt 0:00:59]} f5 {[%emt 0:00:20]} 29. Ne5 {[%emt 0:
00:42]} fxe4 {[%emt 0:00:20]} 30. Ng4 {[%emt 0:00:25]} Kh8 {[%emt 0:01:06]} 31.
Nge3 {[%emt 0:00:14]} Nc6 {[%emt 0:00:15]} 32. Qc3 {[%emt 0:00:43]} Qf7 {
[%emt 0:00:44]} 33. Qa3 {[%emt 0:00:13]} Ne5 {[%emt 0:00:08]} 34. Bxe5 {
[%emt 0:00:03]} Rxe5 {[%emt 0:00:01]} 35. Qxa7 {[%emt 0:00:01]} Bxd5 {[%emt 0:
00:02]} 36. Qd4 {[%emt 0:00:03]} Ree8 {[%emt 0:00:47]} 37. Nxd5 {[%emt 0:00:01]
} Qg6 {[%emt 0:00:33]} 38. Qe3 {[%emt 0:00:07]} Qc6 {[%emt 0:00:10]} 39. Qd4 {
[%emt 0:00:01]} Qa6 {[%emt 0:00:05]} 40. Rxe4 {[%emt 0:00:07]} Qxa2 {[%emt 0:
00:14]} 41. Rxe8+ {[%emt 0:00:02]} Rxe8 {[%emt 0:00:01]} 42. g3 {[%emt 0:00:01]
} h6 {[%emt 0:00:04]} 43. Ne3 {[%emt 0:00:04]} Ra8 {[%emt 0:00:07]} 44. Kg2 {
[%emt 0:00:03]} Qb1 {[%emt 0:00:10]} 45. Qd5 {[%emt 0:00:06]} Ra1 {[%emt 0:00:
09]} 46. c5 {[%emt 0:00:09]} Qh1+ {[%emt 0:00:32]} 47. Kh3 {[%emt 0:00:01]}
Qxd5 {[%emt 0:00:02]} 48. Nxd5 {[%emt 0:00:01]} Rc1 {[%emt 0:00:01]} 49. Ne3 {
[%emt 0:00:04]} Rxc5 {[%emt 0:00:02]} 50. Kg4 {[%emt 0:00:08]} Kg8 {[%emt 0:00:
01]} 51. h4 {[%emt 0:00:03]} Ra5 {[%emt 0:00:01]} 52. Kf3 {[%emt 0:00:07]} Kf7
{[%emt 0:00:04]} 53. Kf4 {[%emt 0:00:05]} Ke6 {[%emt 0:00:05]} 54. Kf3 {
[%emt 0:00:04]} Ra4 {[%emt 0:00:06]} 55. Ng2 {[%emt 0:00:21]} Ke5 {[%emt 0:00:
15]} 56. Ne3 {[%emt 0:00:02]} h5 {[%emt 0:00:10]} 57. Ng2 {[%emt 0:00:03]} Ra3+
{[%emt 0:00:02]} 58. Ne3 {[%emt 0:00:08]} Rb3 {[%emt 0:00:01]} 59. g4 {[%emt 0:
00:13]} hxg4+ {[%emt 0:00:10]} 60. Kxg4 {[%emt 0:00:01]} Kf6 {[%emt 0:00:03]}
61. Kg3 {[%emt 0:00:03]} Ra3 {[%emt 0:00:03]} 62. Kf4 {[%emt 0:00:02]} Ra4+ {
[%emt 0:00:03]} 63. Kg3 {[%emt 0:00:01]} Kg6 {[%emt 0:00:01]} 64. Ng2 {[%emt 0:
00:06]} Kf5 {[%emt 0:00:06]} 65. Ne3+ {[%emt 0:00:03]} Ke4 {[%emt 0:00:03]} 66.
h5 {[%emt 0:00:11]} Ke5 {[%emt 0:00:07]} 67. f3 {[%emt 0:00:15]} Kf6 {[%emt 0:
00:04]} 68. f4 {[%emt 0:00:02]} Ra3 {[%emt 0:00:07]} 69. Kf3 {[%emt 0:00:02]}
Kf7 {[%emt 0:00:01]} 70. Kf2 {[%emt 0:00:00]} Kg8 {[%emt 0:00:01]} 71. Ng4 {
[%emt 0:00:10]} Kh7 {[%emt 0:00:04]} 72. f5 {[%emt 0:00:05]} Ra5 {[%emt 0:00:
04]} 73. f6 {[%emt 0:00:11]} Rf5+ {[%emt 0:00:05]} 74. Ke3 {[%emt 0:00:05]}
gxf6 {[%emt 0:00:02]} 75. Ke4 {[%emt 0:00:01]} Rf1 {[%emt 0:00:04]} 76. Ke3 {
[%emt 0:00:01]} f5 {[%emt 0:00:11]} 77. Nh2 {[%emt 0:00:07]} Rh1 {[%emt 0:00:
02]} 78. Nf3 {[%emt 0:00:04]} Rxh5 {[%emt 0:00:02]} 79. Kf4 {[%emt 0:00:01]}
Kg6 {[%emt 0:00:01]} 80. Ke5 {[%emt 0:00:01]} Rh8 {[%emt 0:00:09]} 81. Kf4 {
[%emt 0:00:06]} Rh1 {[%emt 0:00:13]} 82. Kg3 {[%emt 0:00:14]} Kf6 {[%emt 0:00:
03]} 83. Kf4 {[%emt 0:00:02]} Ra1 {[%emt 0:00:01]} 84. Kg3 {[%emt 0:00:03]} Ra4
{[%emt 0:00:01]} 85. Kf2 {[%emt 0:00:04]} Ke6 {[%emt 0:00:03]} 86. Ke3 {
[%emt 0:00:02]} Kd5 {[%emt 0:00:03]} 87. Nd2 {[%emt 0:00:13]} f4+ {[%emt 0:00:
04]} 88. Kf3 {[%emt 0:00:02]} Ke5 {[%emt 0:00:02]} 89. Kg4 {[%emt 0:00:03]} Ra8
{[%emt 0:00:25]} 90. Nf3+ {[%emt 0:00:08]} Ke4 {[%emt 0:00:03]} 91. Nd2+ {
[%emt 0:00:00]} Kd3 {[%emt 0:00:07]} 92. Nb3 {[%emt 0:00:13]} Ke3 {[%emt 0:00:
04]} 0-1

[Event "Turning Torso Chess Event 2021"]
[Site "Malmoe"]
[Date "2021.08.22"]
[Round "11.4"]
[White "Smith, Axel"]
[Black "Blomqvist, Erik"]
[Result "1/2-1/2"]
[WhiteElo "2451"]
[BlackElo "2537"]
[Annotator "RC"]
[PlyCount "57"]
[EventDate "2021.08.20"]
[EventType "tourn"]
[EventCountry "SWE"]
[SourceTitle "playchess.com"]
[Source "ChessBase"]
[SourceQuality "1"]
[TimeControl "900+5"]

1. e4 {[%emt 0:00:01]} c5 {[%emt 0:00:02]} 2. Nc3 {[%emt 0:00:02]} g6 {[%emt 0:
00:06]} 3. d4 {[%emt 0:00:06]} cxd4 {[%emt 0:00:01]} 4. Qxd4 {[%emt 0:00:01]}
Nf6 {[%emt 0:00:02]} 5. Nf3 {[%emt 0:00:28]} Nc6 {[%emt 0:00:02]} 6. Qa4 {
[%emt 0:00:02]} d6 {[%emt 0:00:03]} 7. e5 {[%emt 0:00:03]} dxe5 {[%emt 0:00:01]
} 8. Nxe5 {[%emt 0:00:02]} Bg7 {[%emt 0:00:02]} 9. Nxc6 {[%emt 0:00:54]} bxc6 {
[%emt 0:00:02]} 10. Qxc6+ {[%emt 0:02:36]} Bd7 {[%emt 0:00:01]} 11. Qa6 {
[%emt 0:00:06]} O-O {[%emt 0:00:08]} 12. Be2 {[%emt 0:02:23]} Bf5 {[%emt 0:01:
06]} 13. Bd3 {[%emt 0:00:02]} Bxd3 {[%emt 0:02:21]} 14. Qxd3 {[%emt 0:00:07]}
Qxd3 {[%emt 0:00:02]} 15. cxd3 {[%emt 0:00:01]} Rfd8 {[%emt 0:00:01]} 16. Ke2 {
[%emt 0:00:28]} Nd5 {[%emt 0:00:01]} 17. Nxd5 {[%emt 0:01:40]} Rxd5 {[%emt 0:
00:01]} 18. Rb1 {[%emt 0:00:24]} Rb8 {[%emt 0:00:23]} 19. b3 {[%emt 0:02:31]}
Ra5 {[%emt 0:01:08]} 20. a3 {[%emt 0:00:05]} Rc5 {[%emt 0:04:50]} 21. Rd1 {
[%emt 0:00:40]} Rc2+ {[%emt 0:00:37]} 22. Rd2 {[%emt 0:02:11]} Rc3 {[%emt 0:00:
15]} 23. b4 {[%emt 0:00:01]} Bh6 {[%emt 0:01:38]} 24. Rd1 {[%emt 0:00:01]} Bxc1
{[%emt 0:00:11]} 25. Rdxc1 {[%emt 0:00:01]} Rxa3 {[%emt 0:00:01]} 26. Ra1 {
[%emt 0:00:08]} Rxa1 {[%emt 0:00:06]} 27. Rxa1 {[%emt 0:00:00]} Rxb4 {[%emt 0:
00:04]} 28. Rxa7 {[%emt 0:00:02]} e6 {[%emt 0:00:06]} 29. Ke3 {[%emt 0:00:05]}
1/2-1/2